{"text_format":"3","workbook":"xlsx","n_sheets":3,"sheets":["封面","汇总表","劳务分包"],"not_rendered":{"defined_names":2},"read":"whole","date_system":"1900"}

{"sheet":"封面","index":0,"n_rows":8,"n_cols":7,"rows_kept":8,"merged":[[0,0,0,7],[1,0,3,7],[4,0,4,1],[4,2,4,5],[5,0,5,1],[5,2,5,5],[6,0,6,6],[7,0,7,1],[7,2,7,5],[8,0,8,6]]}
["\n临漳公园公交首末站项目劳务分包\n"]
["工程量清单报价书"]
[]
[]
["      报价单位：",{"$nulls":5},"(单位盖公章)"]
["法定代表人：",{"$nulls":5},"(签字或盖章)"]
[]
["   编制时间：",null,"2020年08月 09 日"]

{"sheet":"汇总表","index":1,"n_rows":11,"n_cols":6,"rows_kept":11,"merged":[[0,0,0,5],[1,0,1,5],[2,2,2,4],[3,2,3,4],[5,0,5,5]]}
[{"$f":"封面!A1","v":"\n临漳公园公交首末站项目劳务分包\n"}]
["招标控制价汇总表"]
["序号","项目","招标控制价（元）\n",null,null,"备注"]
[1,"劳务分包工程清单",{"$f":"劳务分包!J92","v":{"v":232035.99786114052,"d":"232,036.00"}}]
[2,"其中报价（增值税）","税率",{"v":0.03,"d":"3%"},{"$f":"C4/(1+D5)*D5","v":{"v":6758.330034790501,"d":"6758.33"}},"税率由投标单位根据自身情况自身填报，后期开票税率应与填报税率一致"]
["备注：上述报价采用暂定价具体详各分项编制说明"]
["投标单位（签章）："]
[]
["法定代表人或授权委托人："]
[]
["日期："]

{"sheet":"劳务分包","index":2,"n_rows":92,"n_cols":11,"rows_kept":92,"merged":[[0,0,0,10],[1,0,1,10],[2,0,3,0],[2,1,3,1],[2,2,3,2],[2,3,3,3],[2,4,3,4],[2,5,3,5],[2,7,3,7],[2,8,3,8],[2,9,3,9],[2,10,3,10],[4,1,4,2],[4,10,29,10],[5,0,5,2],[7,0,7,2],[16,0,16,2],[30,0,30,2],[32,0,32,2],[42,1,42,2],[43,0,43,2],[45,0,45,2],[55,0,55,2],[68,0,68,2],[78,1,78,2],[91,1,91,5]]}
["临漳公园公交首末站项目劳务分包"]
["招标控制价清单"]
["序号","分部分项工程","工程项目特征","计量单位","工程量   ","综合单价\n（元，不含税）","税金","综合单价\n（元，含税）","合价（不含税）","合价(含税)","备注"]
[{"$nulls":6},{"v":0.03,"d":"3.00%"}]
["一","管理用房",{"$nulls":8},"工程量清单编制说明\n一、招标范围：总承包合同、施工图纸范围内、招标人要求的管理用房、门房、路面等主体结构劳务分包（（包工期、包质量、包安全、包人工、包辅材（除招标人提供的混凝土、钢筋、模板、钢管、扣件以外的所有材料）、包中小型机具、包测量））及工程量清单、设计变更、业主要求增加、工程联系单等要求的工作内容。投标人一旦中标，必须负责承包范围内所有工程的施工、验收、决算、保修等全部实施过程，同时也负责所在施工区域的文明施工及安全保护措施。\n二、编制依据：\n1、临漳公园公交首末站项目图纸\n2、《建设工程工程量清单计价规范》GB50500－2013，2018版《安徽省建设工程工程量清单计价办法》（建筑工程、装饰装修工程、安装工程、市政工程、景观园林工程）\n三：清单编制说明：\n1、工程量清单列出的每个细目已包括涉及与该细目有关的全部工程内容，投标人须自行综合考虑，投标人应将工程量清单与招标文件、合同通用条款、专用条款以及技术规范和会议纪要文件一起对照阅读。\n2、投标人必须注意，投标时所报的综合单价须是包含完成清单分项工程的所有工作内容及所需采取相应技术措施、施工方案等费用的报价。\n3、投标人须认真阅读与项目有关的招标文件、会议纪要文件等，并通过现场勘查，考虑周边环境及施工期间可能出现的事宜，确定其各项可能产生的费用，且已包含在投标报价中，工程结算时不再调整该部分的费用。\n4、措施项目费：清单所列项目仅供参考，投标人应根据其自行编制的施工组织设计文件，结合企业的技术装备情况，自行确定措施项目，但投标人必须是对施工现场实际勘察后结合工程经验，对所有的措施项目作出措施报价，没有报价的，视为已含在其他项目的报价中。一旦中标，措施项目费用不再调整。\n5、投标人应填写工程量清单中所有工程细目的价格，凡技术规范和图纸中注明的工程内容，如在清单中未列项，均应视为包含中其它相关项目中。\n6、投标人对工程量清单有任何疑问，应于招标文件规定的疑问提交截止日前提出，否则视为投标人认可该工程量清单已包括了招标范围的全部内容。\n\n\n\n7、清单描述不明确的，以会议纪要文件和相关施工验收规范、图集为准；清单与会议纪要文件标准不一致的，以业主要求为准。\n8、投标单位自行勘察现场，满足业主及工程规范要求。"]
["土石方工程"]
[1,"人工清底","1、土壤类别：一、二类土","m2",38,{"v":7.7026319999999995,"d":"7.70"},{"$f":"F7*$G$4","v":{"v":0.23107895999999997,"d":"0.23"}},{"$f":"F7+G7","v":{"v":7.933710959999999,"d":"7.93"}},{"$f":"E7*F7","v":{"v":292.700016,"d":"292.70"}},{"$f":"E7*H7","v":{"v":301.48101648,"d":"301.48"}}]
["混凝土工程"]
[2,"基础垫层","1、厚度：100mm\n2、材料品种及比例：混凝土、C15\n3、招标人提供混凝土","m3",5.61,{"v":21.927129208556146,"d":"21.93"},{"v":0.6578138762566843,"d":"0.66"},{"$f":"F9+G9","v":{"v":22.58494308481283,"d":"22.58"}},{"$f":"E9*F9","v":{"v":123.01119485999999,"d":"123.01"}},{"$f":"E9*H9","v":{"v":126.7015307058,"d":"126.70"}}]
[3,"独立基础","1、混凝土种类：商品混凝土\n2、混凝土强度等级：C30\n3、招标人提供混凝土","m3",21.5,{"v":88.88772599999999,"d":"88.89"},{"v":2.6666317799999995,"d":"2.67"},{"v":91.55435777999999,"d":"91.55"},{"v":1911.0861089999996,"d":"1911.09"},{"v":1968.4186922699998,"d":"1968.42"}]
[4,"基础梁","1、混凝土种类：商品混凝土\n2、混凝土强度等级：C30\n3、招标人提供混凝土","m3",21.35,{"v":34.160315690866426,"d":"34.16"},{"v":1.0248094707259927,"d":"1.02"},{"v":35.18512516159242,"d":"35.19"},{"v":729.3227399999982,"d":"729.32"},{"v":751.2024221999982,"d":"751.20"}]
[5,"矩形梁","1、单梁、连续梁、框架梁\n2、详见图纸\n3、招标人提供混凝土","m3",0.12,{"v":38.688465,"d":"38.69"},{"v":1.16065395,"d":"1.16"},{"v":39.84911895,"d":"39.85"},{"v":4.6426158,"d":"4.64"},{"v":4.781894274,"d":"4.78"}]
[6,"矩形柱","1、柱规格形状：矩形柱1.6m以内\n2、混凝土种类：商品混凝土\n3、混凝土强度等级：C30\n4、招标人提供混凝土","m3",7.87,{"v":37.299612808132146,"d":"37.30"},{"v":1.1189883842439643,"d":"1.12"},{"v":38.41860119237611,"d":"38.42"},{"v":293.5479528,"d":"293.55"},{"v":302.354391384,"d":"302.35"}]
[7,"构造柱","1、柱规格形状：构造柱\n2、混凝土种类：商品混凝土\n3、混凝土强度等级：C25\n3、招标人提供混凝土","m3",6.71,{"v":41.709551150521605,"d":"41.71"},{"v":1.251286534515648,"d":"1.25"},{"v":42.960837685037255,"d":"42.96"},{"v":279.87108822,"d":"279.87"},{"v":288.2672208666,"d":"288.27"}]
[8,"其他构件","1、混凝土种类：商品混凝土\n2、混凝土强度等级：C25\n3、窗台压顶\n4、招标人提供混凝土","m3",0.44,{"v":86.57370000000002,"d":"86.57"},{"v":2.5972110000000006,"d":"2.60"},{"v":89.17091100000002,"d":"89.17"},{"v":38.092428000000005,"d":"38.09"},{"v":39.23520084000001,"d":"39.24"}]
[9,"过梁","1、混凝土种类：商品混凝土\n2、混凝土强度等级：C25\n3、招标人提供混凝土","m3",0.62,{"v":60.408449999999945,"d":"60.41"},{"v":1.8122534999999982,"d":"1.81"},{"v":62.22070349999994,"d":"62.22"},{"v":37.45323899999997,"d":"37.45"},{"v":38.576836169999964,"d":"38.58"}]
["砌筑工程"]
[10,"砖基础","1、砖品种、规格、强度级：砌块\n2、砂浆强度级：M7.5","m3",1.98,{"v":487.64620454545457,"d":"487.65"},{"v":14.629386136363637,"d":"14.63"},{"v":502.2755906818182,"d":"502.28"},{"v":965.539485,"d":"965.54"},{"v":994.50566955,"d":"994.51"}]
[11,"砌块墙","1、详见图纸","m3",24.87,{"v":614.2526486127866,"d":"614.25"},{"v":18.427579458383597,"d":"18.43"},{"v":632.6802280711702,"d":"632.68"},{"v":15276.463371000003,"d":"15276.46"},{"v":15734.757272130002,"d":"15734.76"}]
[12,"多孔砖墙","1、砖品种、规格、强度级：烧结多孔转\n2、墙体类型：内墙\n3、砂浆强度级：M5","m3",21.77,{"v":420.60266293063853,"d":"420.60"},{"v":12.618079887919155,"d":"12.62"},{"v":433.2207428185577,"d":"433.22"},{"v":9156.519972,"d":"9156.52"},{"v":9431.21557116,"d":"9431.22"}]
[13,"散水","1、60厚C20混凝土面层，撒1:1水泥沙子压实赶光\n2、150厚5~32卵石灌M2.5混合砂浆，宽出面层100\n3、素土夯实，向外坡3％~5％","m2",49.6,{"v":96.52563,"d":"96.53"},{"v":2.8957689,"d":"2.90"},{"v":99.42139890000001,"d":"99.42"},{"v":4787.671248000001,"d":"4787.67"},{"v":4931.301385440001,"d":"4931.30"}]
[14,"坡道（无障碍坡道）","1、30厚1：2水泥砂浆表面\n2、素水泥浆一道（内掺建筑胶）\n3、100厚C20混凝土\n4、300厚粒径5~32卵石灌M2.5混合砂浆，宽出面层300\n5、素土夯实","m2",3.6,{"v":396.50844499999994,"d":"396.51"},{"v":11.895253349999997,"d":"11.90"},{"v":408.40369834999996,"d":"408.40"},{"v":1427.4304019999997,"d":"1427.43"},{"v":1470.2533140599999,"d":"1470.25"}]
[15,"台阶","1、台阶做法:详12J003图集第B2页。\n2、断面尺寸：详见施工图纸","m2",17.28,{"v":319.36413125,"d":"319.36"},{"v":9.5809239375,"d":"9.58"},{"v":328.94505518750003,"d":"328.95"},{"v":5518.612188000001,"d":"5518.61"},{"v":5684.170553640001,"d":"5684.17"}]
[16,"现浇构件钢筋","1、钢筋种类、规格：圆钢\n2、钢筋种类、规格:HPB300  10以内\n3、招标人提供钢筋\n4、包括但不限于本工程图纸范围内的主体钢筋加工、制作、安装、材料及半成品的装卸、场内外运输、保管等","t",0.244,{"v":689.7444860655737,"d":"689.74"},{"v":20.69233458196721,"d":"20.69"},{"v":710.4368206475409,"d":"710.44"},{"v":168.2976546,"d":"168.30"},{"v":173.346584238,"d":"173.35"}]
[17,"现浇构件钢筋","1、钢筋种类、规格：带肋钢筋\n2、钢筋种类、规格:：HRB400  10以内\n3、招标人提供钢筋\n4、包括但不限于本工程图纸范围内的主体钢筋加工、制作、安装、材料及半成品的装卸、场内外运输、保管等","t",5.021,{"v":762.1634982672773,"d":"762.16"},{"v":22.864904948018317,"d":"22.86"},{"v":785.0284032152956,"d":"785.03"},{"v":3826.8229247999993,"d":"3826.82"},{"v":3941.627612543999,"d":"3941.63"}]
[18,"现浇构件钢筋","1、钢筋种类、规格：带肋钢筋\n2、钢筋种类、规格:：HRB400  16以内\n3、招标人提供钢筋\n4、包括但不限于本工程图纸范围内的主体钢筋加工、制作、安装、材料及半成品的装卸、场内外运输、保管等","t",2.545,{"v":646.4534145383103,"d":"646.45"},{"v":19.39360243614931,"d":"19.39"},{"v":665.8470169744596,"d":"665.85"},{"v":1645.2239399999996,"d":"1645.22"},{"v":1694.5806581999998,"d":"1694.58"}]
[19,"现浇构件钢筋","1、钢筋种类、规格：带肋钢筋\n2、钢筋种类、规格:：HRB400  20以内\n3、招标人提供钢筋\n4、包括但不限于本工程图纸范围内的主体钢筋加工、制作、安装、材料及半成品的装卸、场内外运输、保管等","t",4.603,{"v":587.6983892678688,"d":"587.70"},{"v":17.630951678036066,"d":"17.63"},{"v":605.3293409459048,"d":"605.33"},{"v":2705.1756858,"d":"2705.18"},{"v":2786.330956374,"d":"2786.33"}]
[20,"现浇构件钢筋","1、钢筋种类、规格：带肋钢筋\n2、钢筋种类、规格:：HRB400  20以上\n3、招标人提供钢筋\n4、包括但不限于本工程图纸范围内的主体钢筋加工、制作、安装、材料及半成品的装卸、场内外运输、保管等","t",0.121,{"v":535.2497404958677,"d":"535.25"},{"v":16.05749221487603,"d":"16.06"},{"v":551.3072327107437,"d":"551.31"},{"v":64.7652186,"d":"64.77"},{"v":66.70817515799999,"d":"66.71"}]
[21,"钢筋连接","1、连接方式：电渣压力焊","个",120,{"v":2.726667,"d":"2.73"},{"v":0.08180000999999999,"d":"0.08"},{"v":2.8084670099999998,"d":"2.81"},{"v":327.20004,"d":"327.20"},{"v":337.01604119999996,"d":"337.02"}]
[22,"钢筋连接","1、连接方式：直螺纹连接\n2、规格：16以内","个",60,{"v":9.353196,"d":"9.35"},{"v":0.28059588,"d":"0.28"},{"v":9.63379188,"d":"9.63"},{"v":561.19176,"d":"561.19"},{"v":578.0275128000001,"d":"578.03"}]
["屋面工程"]
[23,"坡屋面","1、本工程屋面做法按照国标《平屋面建筑构造（一）》【12J201】\n2、屋面构造：细石混凝土(内配筋)（40.0mm）+SBS改性沥青卷材+水泥砂浆（15.0mm）+喷涂硬质聚氨酯（屋面和外墙外保温）（50.0mm）+钢筋混凝土（120.0mm）+水泥砂浆\n3、招标人提供混凝土","m3","60.000",{"v":66,"d":"66.00"},1.98,67.98,{"v":3960,"d":"3960.00"},{"v":4078.8,"d":"4078.80"}]
["脚手架和混凝土模板工程",null,"混凝土模板工程",{"$nulls":7},"招标人提供模板、钢管、扣件"]
[24,"外脚手架","1、搭设方式：满足施工现场使用要求\n2、脚手架材质：钢管脚手架","m2",265.68,{"v":15.816065582655826,"d":"15.82"},{"v":0.47448196747967475,"d":"0.47"},{"v":16.2905475501355,"d":"16.29"},{"v":4202.012304,"d":"4202.01"},{"v":4328.072673119999,"d":"4328.07"}]
[25,"垫层模板","1、基础类型：垫层\n2、具体详见图纸、图集、答疑、招标文件、政府相关文件、规范等其他资料，满足验收要求","m2",9.44,{"v":27.802525913160746,"d":"27.80"},{"v":0.8340757773948223,"d":"0.83"},{"v":28.63660169055557,"d":"28.64"},{"v":262.45584462023743,"d":"262.46"},{"v":270.32951995884457,"d":"270.33"}]
[26,"基础","1、基础类型：独立基础\n2、具体详见图纸、图集、答疑、招标文件、政府相关文件、规范等其他资料，满足验收要求","m2",30.72,{"v":30.100369913160744,"d":"30.10"},{"v":0.9030110973948223,"d":"0.90"},{"v":31.003381010555568,"d":"31.00"},{"v":924.6833637322981,"d":"924.68"},{"v":952.423864644267,"d":"952.42"}]
[27,"矩形柱","1、具体详见图纸、图集、答疑、招标文件、政府相关文件、规范等其他资料，满足验收要求","m2",70.01,{"v":32.479123913160755,"d":"32.48"},{"$f":"F37*$G$4","v":{"v":0.9743737173948226,"d":"0.97"}},{"$f":"F37+G37","v":{"v":33.453497630555574,"d":"33.45"}},{"$f":"E37*F37","v":{"v":2273.8634651603847,"d":"2273.86"}},{"$f":"E37*H37","v":{"v":2342.0793691151957,"d":"2342.08"}}]
[28,"坡屋面板","1、具体详见图纸、图集、答疑、招标文件、政府相关文件、规范等其他资料，满足验收要求","m2",278,{"v":38.482645913160745,"d":"38.48"},{"v":1.1544793773948223,"d":"1.15"},{"v":39.637125290555566,"d":"39.64"},{"v":10698.175563858687,"d":"10698.18"},{"v":11019.120830774447,"d":"11019.12"}]
[29,"构造柱","1、具体详见图纸、图集、答疑、招标文件、政府相关文件、规范等其他资料，满足验收要求","m2",89.79,{"v":33.06167591316075,"d":"33.06"},{"v":0.9918502773948225,"d":"0.99"},{"v":34.05352619055557,"d":"34.05"},{"v":2968.6078802427037,"d":"2968.61"},{"v":3057.6661166499853,"d":"3057.67"}]
[30,"基础梁","1、具体详见图纸、图集、答疑、招标文件、政府相关文件、规范等其他资料，满足验收要求","m2",70.45,{"v":30.205552913160748,"d":"30.21"},{"v":0.9061665873948224,"d":"0.91"},{"v":31.11171950055557,"d":"31.11"},{"v":2127.9812027321746,"d":"2127.98"},{"v":2191.82063881414,"d":"2191.82"}]
[31,"圈梁","1、具体详见图纸、图集、答疑、招标文件、政府相关文件、规范等其他资料，满足验收要求","m2",4.42,{"v":34.39669091316075,"d":"34.40"},{"v":1.0319007273948224,"d":"1.03"},{"v":35.42859164055557,"d":"35.43"},{"v":152.03337383617048,"d":"152.03"},{"v":156.5943750512556,"d":"156.59"}]
[32,"矩形梁","1、支撑高度：具体详见图纸、图集、答疑、招标文件、政府相关文件、规范等其他资料，满足验收要求","m2",351.83,{"v":34.60705691316075,"d":"34.61"},{"v":1.0382117073948223,"d":"1.04"},{"v":35.64526862055557,"d":"35.65"},{"v":12175.800833757345,"d":"12175.80"},{"v":12541.074858770065,"d":"12541.07"}]
["二","门房"]
["土石方工程"]
[33,"人工清底","1、土壤类别：一、二类土","m2",13.16,{"v":7.7026319999999995,"d":"7.70"},{"v":0.23107895999999997,"d":"0.23"},{"v":7.933710959999999,"d":"7.93"},{"v":101.36663712,"d":"101.37"},{"v":104.40763623359999,"d":"104.41"}]
["混凝土工程"]
[34,"基础垫层","1、厚度：100mm\n2、材料品种及比例：混凝土、C15\n3、招标人提供混凝土","m3",3.67,{"v":21.675943324250667,"d":"21.68"},{"v":0.65027829972752,"d":"0.65"},{"v":22.32622162397819,"d":"22.33"},{"v":79.55071199999995,"d":"79.55"},{"v":81.93723335999995,"d":"81.94"}]
[35,"独立基础","1、混凝土种类：商品混凝土\n2、混凝土强度等级：C30\n3、招标人提供混凝土","m3",7.8,{"v":87.59337346153849,"d":"87.59"},{"v":2.6278012038461545,"d":"2.63"},{"v":90.22117466538465,"d":"90.22"},{"v":683.2283130000002,"d":"683.23"},{"v":703.7251623900003,"d":"703.73"}]
[36,"基础梁","1、混凝土种类：商品混凝土\n2、混凝土强度等级：C30\n3、招标人提供混凝土","m3",1.33,{"v":34.645296992481164,"d":"34.65"},{"v":1.039358909774435,"d":"1.04"},{"v":35.6846559022556,"d":"35.68"},{"v":46.07824499999995,"d":"46.08"},{"v":47.46059234999995,"d":"47.46"}]
[37,"矩形梁","1、混凝土种类：商品混凝土\n2、混凝土强度等级：C30\n3、招标人提供混凝土","m3",1.24,{"v":39.20219999999996,"d":"39.20"},{"v":1.1760659999999987,"d":"1.18"},{"v":40.37826599999996,"d":"40.38"},{"v":48.61072799999995,"d":"48.61"},{"v":50.06904983999995,"d":"50.07"}]
[38,"矩形柱","1、柱规格形状：矩形柱1.6m以内\n2、混凝土种类：商品混凝土\n3、混凝土强度等级：C30\n4、招标人提供混凝土","m3",3.12,{"v":37.78393269230765,"d":"37.78"},{"v":1.1335179807692295,"d":"1.13"},{"v":38.91745067307688,"d":"38.92"},{"v":117.88586999999987,"d":"117.89"},{"v":121.42244609999986,"d":"121.42"}]
[39,"构造柱","1、柱规格形状：构造柱\n2、混凝土种类：商品混凝土\n3、混凝土强度等级：C25\n4、招标人提供混凝土","m3",2.1,{"v":41.72644285714284,"d":"41.73"},{"$f":"F52*$G$4","v":{"v":1.2517932857142853,"d":"1.25"}},{"$f":"F52+G52","v":{"v":42.97823614285713,"d":"42.98"}},{"$f":"E52*F52","v":{"v":87.62552999999997,"d":"87.63"}},{"$f":"E52*H52","v":{"v":90.25429589999997,"d":"90.25"}}]
[40,"其他构件","1、混凝土种类：商品混凝土\n2、混凝土强度等级：C25\n3、窗台压顶\n4、招标人提供混凝土","m3",0.76,{"v":142.41224605263162,"d":"142.41"},{"v":4.272367381578948,"d":"4.27"},{"v":146.68461343421058,"d":"146.68"},{"v":108.23330700000002,"d":"108.23"},{"v":111.48030621000004,"d":"111.48"}]
[41,"过梁","1、混凝土种类：商品混凝土\n2、混凝土强度等级：C25\n3、招标人提供混凝土","m3",0.27,{"v":49.20526666666663,"d":"49.21"},{"v":1.476157999999999,"d":"1.48"},{"v":50.68142466666663,"d":"50.68"},{"v":13.285421999999992,"d":"13.29"},{"v":13.683984659999991,"d":"13.68"}]
[42,"有梁板","1、板规格：mm\n2、混凝土种类：商品混凝土\n3、混凝土强度等级：C30\n4、招标人提供混凝土","m3",4.24,{"v":41.34424669811318,"d":"41.34"},{"v":1.2403274009433953,"d":"1.24"},{"v":42.584574099056574,"d":"42.58"},{"v":175.2996059999999,"d":"175.30"},{"v":180.5585941799999,"d":"180.56"}]
["砌筑工程"]
[43,"砖基础","1、砖品种、规格、强度级：砌块\n2、砂浆强度级：M7.5","m3",0.29,{"v":487.63620000000003,"d":"487.64"},{"v":14.629086000000001,"d":"14.63"},{"v":502.26528600000006,"d":"502.27"},{"v":141.414498,"d":"141.41"},{"v":145.65693294000002,"d":"145.66"}]
[44,"砌块墙","1、混凝土砌块\n2、外墙","m3",10.21,{"v":610.7817446620961,"d":"610.78"},{"v":18.323452339862882,"d":"18.32"},{"v":629.105197001959,"d":"629.11"},{"v":6236.081613000002,"d":"6236.08"},{"v":6423.164061390003,"d":"6423.16"}]
[45,"短肢剪力墙、电梯井壁","1、墙类型：女儿墙","m2",7.67,{"v":41.539426075619296,"d":"41.54"},{"v":1.246182782268579,"d":"1.25"},{"v":42.78560885788787,"d":"42.79"},{"v":318.607398,"d":"318.61"},{"v":328.16561994,"d":"328.17"}]
[46,"散水","1、60厚C20混凝土面层，撒1:1水泥沙子压实赶光\n2、150厚5~32卵石灌M2.5混合砂浆，宽出面层100\n3、素土夯实，向外坡3％~5％","m2",49.6,{"v":50.84377874999999,"d":"50.84"},{"v":1.5253133624999997,"d":"1.53"},{"v":52.36909211249999,"d":"52.37"},{"v":2521.8514259999997,"d":"2521.85"},{"v":2597.5069687799996,"d":"2597.51"}]
[47,"台阶","1、台阶做法:详12J003图集第B2页。\n2、断面尺寸：详见施工图纸","m2",2.79,{"v":281.7495,"d":"281.75"},{"v":8.452485,"d":"8.45"},{"v":290.20198500000004,"d":"290.20"},{"v":786.0811050000001,"d":"786.08"},{"v":809.6635381500001,"d":"809.66"}]
[48,"现浇构件钢筋","1、钢筋种类、规格：HPB300\n2、钢筋种类、规格:：10以内\n3、招标人提供钢筋\n4、包括但不限于本工程图纸范围内的主体钢筋加工、制作、安装、材料及半成品的装卸、场内外运输、保管等","t",0.007,{"v":673.0556142857143,"d":"673.06"},{"v":20.19166842857143,"d":"20.19"},{"v":693.2472827142858,"d":"693.25"},{"v":4.7113893000000004,"d":"4.71"},{"v":4.852730979,"d":"4.85"}]
[49,"现浇构件钢筋","1、钢筋种类、规格：HRB400\n2、钢筋种类、规格:：10以内\n3、招标人提供钢筋\n4、包括但不限于本工程图纸范围内的主体钢筋加工、制作、安装、材料及半成品的装卸、场内外运输、保管等","t",0.934,{"v":762.1670023554606,"d":"762.17"},{"v":22.865010070663818,"d":"22.87"},{"v":785.0320124261244,"d":"785.03"},{"v":711.8639802000002,"d":"711.86"},{"v":733.2198996060002,"d":"733.22"}]
[50,"现浇构件钢筋","1、钢筋种类、规格：HRB400\n2、钢筋种类、规格:：16以内\n3、招标人提供钢筋\n4、包括但不限于本工程图纸范围内的主体钢筋加工、制作、安装、材料及半成品的装卸、场内外运输、保管等","t",0.961,{"v":646.4515354838712,"d":"646.45"},{"v":19.393546064516137,"d":"19.39"},{"v":665.8450815483874,"d":"665.85"},{"v":621.2399256000002,"d":"621.24"},{"v":639.8771233680003,"d":"639.88"}]
[51,"现浇构件钢筋","1、钢筋种类、规格：HRB400\n2、钢筋种类、规格:：20以内\n3、招标人提供钢筋\n4、包括但不限于本工程图纸范围内的主体钢筋加工、制作、安装、材料及半成品的装卸、场内外运输、保管等","t",0.379,{"v":587.7054759894457,"d":"587.71"},{"v":17.63116427968337,"d":"17.63"},{"v":605.3366402691291,"d":"605.34"},{"v":222.74037539999995,"d":"222.74"},{"v":229.42258666199996,"d":"229.42"}]
[52,"钢筋连接","1、连接方式：电渣压力焊","个",32,{"v":2.7266670000000004,"d":"2.73"},{"v":0.08180001,"d":"0.08"},{"v":2.80846701,"d":"2.81"},{"v":87.25334400000001,"d":"87.25"},{"v":89.87094432,"d":"89.87"}]
[53,"雨篷、阳台板","1、板规格：100mm\n2、混凝土种类：商品混凝土\n3、混凝土强度等级：C30","m2",0.54,{"v":54.64421666666666,"d":"54.64"},{"v":1.6393264999999997,"d":"1.64"},{"v":56.28354316666666,"d":"56.28"},{"v":29.507876999999997,"d":"29.51"},{"v":30.39311331,"d":"30.39"}]
[54,"保温隔热屋面","1、本工程屋面做法按照国标《平屋面建筑构造（一）》【12J201】\n2、屋面构造：细石混凝土(内配筋)（40.0mm）+SBS改性沥青卷材+水泥砂浆（15.0mm）+喷涂硬质聚氨酯（屋面和外墙外保温）（50.0mm）+钢筋混凝土（120.0mm）+水泥砂浆","m2",16.8,{"v":317.84674767857143,"d":"317.85"},{"v":9.535402430357143,"d":"9.54"},{"v":327.38215010892856,"d":"327.38"},{"v":5339.825361,"d":"5339.83"},{"v":5500.02012183,"d":"5500.02"}]
["脚手架和混凝土模板工程",null,"混凝土模板工程",{"$nulls":7},"招标人提供模板、钢管、扣件"]
[55,"外脚手架","1、搭设方式：满足施工现场使用要求\n2、脚手架材质：钢管脚手架","m2",112.1,{"v":14.663764629794828,"d":"14.66"},{"v":0.4399129388938448,"d":"0.44"},{"v":15.103677568688672,"d":"15.10"},{"v":1643.808015,"d":"1643.81"},{"v":1693.12225545,"d":"1693.12"}]
[56,"垫层模板","1、基础类型：垫层\n2、具体详见图纸、图集、答疑、招标文件、政府相关文件、规范等其他资料，满足验收要求","m2",10.24,{"v":27.697673692388385,"d":"27.70"},{"v":0.8309302107716515,"d":"0.83"},{"v":28.528603903160036,"d":"28.53"},{"v":283.6241786100571,"d":"283.62"},{"v":292.1329039683588,"d":"292.13"}]
[57,"基础","1、基础类型：独立基础\n2、具体详见图纸、图集、答疑、招标文件、政府相关文件、规范等其他资料，满足验收要求","m2",12.8,{"v":29.995517692388383,"d":"30.00"},{"v":0.8998655307716514,"d":"0.90"},{"v":30.895383223160035,"d":"30.90"},{"v":383.9426264625713,"d":"383.94"},{"v":395.4609052564485,"d":"395.46"}]
[58,"矩形柱","1、具体详见图纸、图集、答疑、招标文件、政府相关文件、规范等其他资料，满足验收要求","m2",32.26,{"v":32.37427169238838,"d":"32.37"},{"v":0.9712281507716515,"d":"0.97"},{"v":33.345499843160034,"d":"33.35"},{"v":1044.3940047964493,"d":"1044.39"},{"v":1075.7258249403426,"d":"1075.73"}]
[59,"有梁板","1、部位：±0.000以上\n2、支撑高度：具体详见图纸、图集、答疑、招标文件、政府相关文件、规范等其他资料，满足验收要求","m2",22.11,{"v":32.68172969238838,"d":"32.68"},{"v":0.9804518907716514,"d":"0.98"},{"v":33.662181583160034,"d":"33.66"},{"v":722.5930434987071,"d":"722.59"},{"v":744.2708348036683,"d":"744.27"}]
[60,"构造柱","1、具体详见图纸、图集、答疑、招标文件、政府相关文件、规范等其他资料，满足验收要求","m2",25.57,{"v":32.95682369238838,"d":"32.96"},{"v":0.9887047107716515,"d":"0.99"},{"v":33.94552840316003,"d":"33.95"},{"v":842.705981814371,"d":"842.71"},{"v":867.9871612688021,"d":"867.99"}]
[61,"基础梁","1、具体详见图纸、图集、答疑、招标文件、政府相关文件、规范等其他资料，满足验收要求","m2",16.2,{"v":30.100700692388386,"d":"30.10"},{"v":0.9030210207716516,"d":"0.90"},{"v":31.003721713160036,"d":"31.00"},{"v":487.6313512166918,"d":"487.63"},{"v":502.2602917531926,"d":"502.26"}]
[62,"圈梁","1、具体详见图纸、图集、答疑、招标文件、政府相关文件、规范等其他资料，满足验收要求","m2",15.19,{"v":34.29183869238838,"d":"34.29"},{"v":1.0287551607716514,"d":"1.03"},{"v":35.320593853160034,"d":"35.32"},{"v":520.8930297373795,"d":"520.89"},{"v":536.5198206295009,"d":"536.52"}]
[63,"矩形梁","1、支撑高度：具体详见图纸、图集、答疑、招标文件、政府相关文件、规范等其他资料，满足验收要求","m2",18.16,{"v":33.822560692388386,"d":"33.82"},{"v":1.0146768207716514,"d":"1.01"},{"v":34.83723751316004,"d":"34.84"},{"v":614.2177021737731,"d":"614.22"},{"v":632.6442332389863,"d":"632.64"}]
["三","路面工程"]
[64,"碎石","1.人工配合土石方分包单位进行铺装碎石底层，厚20cm\n2.招标人提供碎石","m2",4936.9,{"v":1.1319353085944621,"d":"1.13"},{"v":0.033958059257833864,"d":"0.03"},{"v":1.165893367852296,"d":"1.17"},{"v":5588.2514249999995,"d":"5588.25"},{"v":5755.898967749999,"d":"5755.90"}]
[65,"水泥混凝土","1、混凝土强度等级：C25\n2、厚度：18CM\n3.招标人提供混凝土","m2",4933.7,{"v":12.8,"d":"12.80"},{"v":0.384,"d":"0.38"},{"v":13.184000000000001,"d":"13.18"},63151.36,{"v":65045.9008,"d":"65045.90"}]
[66,"伸缩缝","1.伸缝 沥青木板","m",1040,{"v":5.170149,"d":"5.17"},{"v":0.15510447,"d":"0.16"},{"v":5.325253470000001,"d":"5.33"},{"v":5376.95496,"d":"5376.95"},{"v":5538.263608800001,"d":"5538.26"}]
[67,"传力杆制作、安装","1.水泥混凝土面层 传力杆制作、安装","t",1.08,{"v":4246.164291666667,"d":"4246.16"},{"v":127.38492875,"d":"127.38"},{"v":4373.549220416667,"d":"4373.55"},{"v":4585.857435000001,"d":"4585.86"},{"v":4723.43315805,"d":"4723.43"}]
[68,"拉杆","1.预埋铁件制作、安装 拉杆制作安装 φ<20mm","t",0.357,{"v":9664.348210084034,"d":"9664.35"},{"v":289.930446302521,"d":"289.93"},{"v":9954.278656386556,"d":"9954.28"},{"v":3450.172311,"d":"3450.17"},{"v":3553.6774803300004,"d":"3553.68"}]
[69,"安砌混凝土侧石","1.安砌 混凝土 侧石","m",318,{"v":32.04036,"d":"32.04"},{"v":0.9612107999999999,"d":"0.96"},{"v":33.001570799999996,"d":"33.00"},{"v":10188.83448,"d":"10188.83"},{"v":10494.499514399999,"d":"10494.50"}]
[70,"标线（交通导向）","1.标线 冷漆","m2",1171,{"v":5.226786,"d":"5.23"},{"v":0.15680358,"d":"0.16"},{"v":5.38358958,"d":"5.38"},{"v":6120.566406,"d":"6120.57"},{"v":6304.18339818,"d":"6304.18"}]
[71,"养生","1.水泥混凝土面层养生 养生布养护","m2",4933.7,{"v":1.19746865597827,"d":"1.20"},{"v":0.03592405967934809,"d":"0.04"},{"v":1.233392715657618,"d":"1.23"},{"v":5907.95110799999,"d":"5907.95"},{"v":6085.18964123999,"d":"6085.19"}]
[72,"装设车挡","1、按图纸要求","块",72,{"v":48.54600000000001,"d":"48.55"},{"v":1.4563800000000002,"d":"1.46"},{"v":50.00238000000001,"d":"50.00"},{"v":3495.3120000000004,"d":"3495.31"},{"v":3600.1713600000007,"d":"3600.17"}]
[73,"点工","1、大工（工日）\n2、签证办理","工日",{"v":1,"d":"1.00"},{"v":210,"d":"210.00"},{"v":6.3,"d":"6.30"},{"v":216.3,"d":"216.30"}]
[74,"点工","1、小工（工日）\n2、签证办理","工日",{"v":1,"d":"1.00"},{"v":150,"d":"150.00"},{"v":4.5,"d":"4.50"},{"v":154.5,"d":"154.50"}]
[75,"措施费","包含但不仅限于环境保护费、安全文明措施、临时设施费（含临时道路、钢板铺设等）、冬雨季施工、夜间施工费、机械进出场费、场地处理措施费、已完工程保护费、中标人应该办理的保险费、环评、政府文件要求等为完成本工程所需的所有措施；因大气管控等因素造成的停工费用；此项总价包干，结算不再调整。","项",{"v":1,"d":"1.00"},{"v":2500,"d":"2500.00"},{"$f":"F91*$G$4","v":{"v":75,"d":"75.00"}},{"v":2575,"d":"2575.00"},{"v":2500,"d":"2500.00"},{"v":2575,"d":"2575.00"},"施工单位综合考虑报价，价格一次性包干结算不作调整"]
[null,"总价(元)",{"$nulls":6},{"$f":"SUM(I5:I91)","v":{"v":225277.66782634996,"d":"225277.67"}},{"$f":"SUM(J5:J91)","v":{"v":232035.99786114052,"d":"232036.00"}}]